Amriti varkhā / (Record no. 89226)

MARC details
000 -LEADER
fixed length control field 00766cam a22002651 4500
001 - CONTROL NUMBER
control field sa 68020058
003 - CONTROL NUMBER IDENTIFIER
control field DLC
005 - DATE AND TIME OF LATEST TRANSACTION
control field 20260227112722.0
008 - FIXED-LENGTH DATA ELEMENTS--GENERAL INFORMATION
fixed length control field 930224s1967 ii 000 0 sndo
010 ## - LIBRARY OF CONGRESS CONTROL NUMBER
LC control number sa 68020058
020 ## - INTERNATIONAL STANDARD BOOK NUMBER
Terms of availability Rs1.25
035 ## - SYSTEM CONTROL NUMBER
System control number (OCoLC)28001670
040 ## - CATALOGING SOURCE
Original cataloging agency DLC
Transcribing agency ICU
Modifying agency DLC
042 ## - AUTHENTICATION CODE
Authentication code premarc
050 00 - LIBRARY OF CONGRESS CALL NUMBER
Classification number BJ1597
Item number .S5
100 1# - MAIN ENTRY--PERSONAL NAME
Personal name Sharma, Vishnu,
Dates associated with a name 1894-
245 10 - TITLE STATEMENT
Title Amriti varkhā /
Statement of responsibility, etc. Lekhaku Vishnū Nīyanāram Sharma ; Sangharah Khandaṛ Arjandās Bi. Tharvani.
250 ## - EDITION STATEMENT
Edition statement Chāpū 1.
260 ## - PUBLICATION, DISTRIBUTION, ETC.
Place of publication, distribution, etc. Bambaʼī :
Name of publisher, distributor, etc. Ik̲h̲lāqī Sāhitya Mandal,
Date of publication, distribution, etc. 1967.
300 ## - PHYSICAL DESCRIPTION
Extent 120 p.
Dimensions 19 cm.
490 0# - SERIES STATEMENT
Series statement Ik̲h̲lāqī Mālhā ;
Volume/sequential designation 19
500 ## - GENERAL NOTE
General note In Sindhi.
650 #0 - SUBJECT ADDED ENTRY--TOPICAL TERM
Topical term or geographic name entry element Conduct of life.
700 1# - ADDED ENTRY--PERSONAL NAME
Personal name Tharvani, Arjandasu B.

No items available.

Powered by Koha